000 00533nam a2200205Ia 4500
003 GCL
008 140319s9999 xx 000 0 eng d
040 _aGCL /
_cGCL
082 0 4 _a388.4791
_bB E
100 1 _aBULL,ADRIAN
245 1 0 _aTHE ECONOMICS OF TRAVEL AND TOURISM /
_cBULL,ADRIAN
260 _a[S.N] :
_bPITMAN PUBLISHING ،
_c1991
300 _a246 P
650 0 4 _aTOURIST TRADE
650 0 4 _aECONOMICS
650 0 4 _aTOURISM
650 0 4 _aTOURISM - ENTERPRISEE
650 0 4 _aTOURISM - INVESTMENT
942 _2ddc
_cBK
999 _c20649
_d20649